00468nam a2200193 a 4500001001300000003000900013005001700022008004100039020000800080082001800088100001500106245001200121260003500133300000900168500003500177505002700212650002000239700001500259nice12345678IN_TiNIC20260116011910.0050524s0000 newa grp 000 0 urd  ac100a891.4393bPRE aPremchan,  aWardaat aNew DelhibMaktaba Jamiac0000 a199p aincludes index and biblioraphy2 aAppendix, Bibliography aUrdu-Literature1 aPremchan,